000 00977cam a22002414a 4500
001 13288326
005 20251103144236.0
008 030724s2004 caua b 001 0 eng
020 _a0761924833
_qcloth
020 _a9780761924838
_q(cloth)
050 0 0 _aRT97
_b.P67 2004
082 0 0 _a610.73/4
_222
100 1 _aPorche, Demetrius James.
245 1 0 _aPublic & community health nursing practice :
_ba population-based approach /
_cDemetrius James Porche.
260 _aThousand Oaks :
_bSage Publications,
_cc2004.
300 _axix, 503 p. :
_bill. ;
_c26 cm.
650 0 _aPublic health nursing.
650 0 _aCommunity health nursing.
856 4 1 _3Table of contents only
_uhttp://www.loc.gov/catdir/toc/ecip047/2003016654.html
856 4 2 _3Publisher description
_uhttp://www.loc.gov/catdir/enhancements/fy0658/2003016654-d.html
856 4 2 _3Contributor biographical information
_uhttp://www.loc.gov/catdir/enhancements/fy0734/2003016654-b.html
942 _2lcc
_cBK
_n0
999 _c7996
_d7996